000 00747nam a2200181 i 4500
001 152257
003 ES-MaACL
005 20250819063105.0
008 990707s1859 fr |||| | fre d
100 1 _aBlosseville, Ernest Poret de,
_d1799-1886
_929568
245 1 0 _aHistoire de la colonisation pénale et des établissements de l'Angleterre en Australie /
_cpar le Marquis de Blosseville.
260 _aÉvreux :
_b[s.n.],
_c1859 (
_fImp. de Auguste Hérissey)
300 _aXXXII, VIII, 569 p. ;
_c22 cm.
650 4 _aColonias penitenciarias-
_zAustralia.
_9172349
650 4 _aEstablecimientos penitenciarios-
_zGran Bretaña.
_9141898
852 _aES-MaACL
_jD-207
_z- Enc. hol.
_z- Donativo Lastres
999 _c152257
_d152257